Chargement en cours...

Master standard data the economic approach to work measurement

Détails bibliographiques
Auteur principal: Crossan, Richard M.
Autres auteurs: Nance, Harold W.
Format: Printed Book
Langue:English
Publié: London McGraw Hill 1962
Sujets:
LEADER 00578nam a22001697a 4500
005 20151215125255.0
008 091119t xxu||||| |||| 00| 0 eng d
082 |a 658.54  |b CRO 
100 |a Crossan, Richard M.  |9 10025 
245 |a Master standard data  |b the economic approach to work measurement 
300 |a x, 257p. 
653 |a Standard data 
700 |a Nance, Harold W.  |9 10024 
942 |c BK  |6 _ 
260 |c 1962  |a London  |b McGraw Hill 
999 |c 100775  |d 100775 
952 |0 0  |1 0  |2 ddc  |4 0  |6 65854_CRO  |7 0  |9 127081  |a SMS  |b SMS  |c GEN  |d 2009-11-19  |o 658.54 CRO  |p SMS000360  |r 2009-11-19  |w 2009-11-19  |y BK